[Event "DEM U12 2017"]
[Site "Willingen GER"]
[Date "2017.06.10"]
[Round "11"]
[White "Pubantz, Jan"]
[Black "Krastev, Alexander"]
[Result "1-0"]
[Termination "normal"]
[Board "1"]
[WhiteElo "1999"]
[BlackElo "2180"]
[WhiteClock "00:12:30"]
[BlackClock "00:22:12"]
[PlyCount "115"]
[WhiteFideId "12996114"]
[BlackFideId "12989983"]
[EventCountry "GER"]
[EventRounds "11"]
[EventType "swiss"]
[EventDate "2017.06.03"]

1. Nf3 {[%clk 1:15:58]} 1... Nf6 {[%clk 1:15:50]} 2. c4 {[%clk 1:16:22]} 2...
c5 {[%clk 1:16:09]} 3. d4 {[%clk 1:16:43]} 3... cxd4 {[%clk 1:16:27]} 4. Nxd4 {
[%clk 1:17:07]} 4... e5 {[%clk 1:15:22]} 5. Nb5 {[%clk 1:17:25]} 5... d5 {
[%clk 1:15:47]} 6. cxd5 {[%clk 1:17:45]} 6... Bc5 {[%clk 1:16:10]} 7. N5c3 {
[%clk 1:18:03]} 7... O-O {[%clk 1:16:31]} 8. g3 {[%clk 1:18:08]} 8... Qb6 {
[%clk 1:10:33]} 9. e3 {[%clk 1:18:29]} 9... Bg4 {[%clk 1:10:36]} 10. Be2 {
[%clk 1:18:54]} 10... Bh3 {[%clk 1:10:13]} 11. g4 {[%clk 1:18:44]} 11... h5 {
[%clk 1:01:32]} 12. g5 {[%clk 1:18:18]} 12... Nh7 {[%clk 1:00:42]} 13. Rg1 {
[%clk 1:10:38]} 13... g6 {[%clk 1:00:23]} 14. Nd2 {[%clk 0:59:29]} 14... Nd7 {
[%clk 0:56:34]} 15. Nde4 {[%clk 0:51:52]} 15... Be7 {[%clk 0:43:35]} 16. d6 {
[%clk 0:32:11]} 16... Bd8 {[%clk 0:43:59]} 17. Nd5 {[%clk 0:32:10]} 17... Qa5+
{[%clk 0:39:42]} 18. Qd2 {[%clk 0:32:09]} 18... Bf5 {[%clk 0:39:29]} 19. Ne7+ {
[%clk 0:23:45]} 19... Kh8 {[%clk 0:39:50]} 20. Nxf5 {[%clk 0:22:44]} 20... gxf5
{[%clk 0:39:50]} 21. Qxa5 {[%clk 0:21:55]} 21... Bxa5+ {[%clk 0:40:13]} 22. Bd2
{[%clk 0:22:20]} 22... Bxd2+ {[%clk 0:34:22]} 23. Nxd2 {[%clk 0:22:44]} 23...
Rg8 {[%clk 0:34:36]} 24. Bxh5 {[%clk 0:11:50]} 24... Nxg5 {[%clk 0:34:53]} 25.
Ke2 {[%clk 0:11:51]} 25... Nf6 {[%clk 0:34:54]} 26. h4 {[%clk 0:09:20]} 26...
Nge4 {[%clk 0:13:00]} 27. Bxf7 {[%clk 0:06:44]} 27... Rg7 {[%clk 0:13:14]} 28.
Nxe4 {[%clk 0:05:55]} 28... Nxe4 {[%clk 0:11:30]} 29. Be6 {[%clk 0:06:07]}
29... Nxd6 {[%clk 0:11:56]} 30. Rxg7 {[%clk 0:06:10]} 30... Kxg7 { [%clk
0:12:22]} 31. Rd1 {[%clk 0:06:29]} 31... Kf6 {[%clk 0:09:42]} 32. Rxd6 { [%clk
0:06:52]} 32... Ke7 {[%clk 0:10:11]} 33. Rd7+ {[%clk 0:07:09]} 33... Kxe6
{[%clk 0:10:37]} 34. Rxb7 {[%clk 0:07:30]} 34... Rc8 {[%clk 0:08:50]} 35. Kd2 {
[%clk 0:06:31]} 35... Rd8+ {[%clk 0:08:43]} 36. Kc2 {[%clk 0:06:04]} 36... Rc8+
{[%clk 0:08:28]} 37. Kd3 {[%clk 0:06:11]} 37... e4+ {[%clk 0:08:31]} 38. Kd2 {
[%clk 0:05:53]} 38... Rd8+ {[%clk 0:07:48]} 39. Kc2 {[%clk 0:06:02]} 39... Rc8+
{[%clk 0:08:00]} 40. Kb3 {[%clk 0:04:58]} 40... Rh8 {[%clk 0:08:10]} 41. Rxa7 {
[%clk 0:05:16]} 41... Rxh4 {[%clk 0:08:35]} 42. Rc7 {[%clk 0:05:03]} 42... Rh2
{[%clk 0:08:55]} 43. Rc2 {[%clk 0:05:22]} 43... Kd6 {[%clk 0:08:59]} 44. a4 {
[%clk 0:05:26]} 44... Kd7 {[%clk 0:08:34]} 45. a5 {[%clk 0:05:26]} 45... Rh3 {
[%clk 0:07:42]} 46. Kb4 {[%clk 0:05:31]} 46... Rh2 {[%clk 0:07:06]} 47. Kc3 {
[%clk 0:04:22]} 47... Kc6 {[%clk 0:07:25]} 48. b4 {[%clk 0:04:13]} 48... Kb5 {
[%clk 0:07:27]} 49. Kb3 {[%clk 0:04:26]} 49... f4 {[%clk 0:07:17]} 50. exf4 {
[%clk 0:01:18]} 50... Rh4 {[%clk 0:06:38]} 51. Rc5+ {[%clk 0:14:33]} 51... Ka6
{[%clk 0:21:58]} 52. Rc6+ {[%clk 0:14:41]} 52... Kb7 {[%clk 0:21:22]} 53. Rf6 {
[%clk 0:14:49]} 53... Rh3+ {[%clk 0:21:49]} 54. Ka4 {[%clk 0:14:22]} 54... Rf3
{[%clk 0:22:15]} 55. a6+ {[%clk 0:12:55]} 55... Ka7 {[%clk 0:21:40]} 56. Kb5 {
[%clk 0:12:56]} 56... e3 {[%clk 0:21:47]} 57. Rf7+ {[%clk 0:12:29]} 57... Ka8 {
[%clk 0:22:12]} 58. Kb6 {[%clk 0:12:30]} 1-0

[Event "DEM U12 2017"]
[Site "Willingen GER"]
[Date "2017.06.10"]
[Round "11"]
[White "Eilenberg, Jonas"]
[Black "Weihrauch, Jakob"]
[Result "0-1"]
[Termination "normal"]
[Board "2"]
[WhiteElo "1650"]
[BlackElo "1965"]
[WhiteClock "00:32:23"]
[BlackClock "00:10:13"]
[PlyCount "84"]
[WhiteFideId "16204271"]
[BlackFideId "16210115"]
[EventCountry "GER"]
[EventRounds "11"]
[EventType "swiss"]
[EventDate "2017.06.03"]

1. d4 {[%clk 1:15:57]} 1... Nf6 {[%clk 1:15:55]} 2. c4 {[%clk 1:16:21]} 2... g6
{[%clk 1:16:17]} 3. Nc3 {[%clk 1:16:47]} 3... d5 {[%clk 1:16:39]} 4. cxd5 {
[%clk 1:17:09]} 4... Nxd5 {[%clk 1:17:03]} 5. e4 {[%clk 1:17:30]} 5... Nxc3 {
[%clk 1:17:25]} 6. bxc3 {[%clk 1:17:55]} 6... Bg7 {[%clk 1:17:44]} 7. Qa4+ {
[%clk 1:18:17]} 7... Nd7 {[%clk 1:18:08]} 8. Nf3 {[%clk 1:18:39]} 8... O-O {
[%clk 1:18:22]} 9. Qa3 {[%clk 1:18:45]} 9... c5 {[%clk 1:17:16]} 10. Be2 {
[%clk 1:18:24]} 10... Qc7 {[%clk 1:15:33]} 11. O-O {[%clk 1:18:17]} 11... Nf6 {
[%clk 1:10:57]} 12. e5 {[%clk 1:15:14]} 12... Nd5 {[%clk 1:11:11]} 13. Be3 {
[%clk 1:14:25]} 13... Nxe3 {[%clk 1:10:24]} 14. fxe3 {[%clk 1:14:47]} 14... Bf5
{[%clk 1:04:13]} 15. Nh4 {[%clk 1:10:26]} 15... Be4 {[%clk 1:01:43]} 16. Nf3 {
[%clk 1:07:14]} 16... b6 {[%clk 0:50:57]} 17. Ng5 {[%clk 1:07:13]} 17... Bb7 {
[%clk 0:41:16]} 18. Bc4 {[%clk 1:05:46]} 18... e6 {[%clk 0:41:27]} 19. Rxf7 {
[%clk 1:02:55]} 19... Rxf7 {[%clk 0:41:16]} 20. Bxe6 {[%clk 1:03:03]} 20... Qe7
{[%clk 0:41:05]} 21. Bxf7+ {[%clk 0:58:04]} 21... Kh8 {[%clk 0:41:30]} 22. h4 {
[%clk 0:54:10]} 22... h6 {[%clk 0:42:10]} 23. Bxg6 {[%clk 0:52:51]} 23... hxg5
24. Rf1 24... gxh4 {[%clk 0:39:58]} 25. Rf5 {[%clk 0:48:35]} 25... Bd5 { [%clk
0:34:32]} 26. Qc1 {[%clk 0:46:08]} 26... Bh6 {[%clk 0:32:10]} 27. Rh5 { [%clk
0:42:56]} 27... Kg7 {[%clk 0:27:44]} 28. Bb1 {[%clk 0:42:00]} 28... Bf7 { [%clk
0:24:07]} 29. Qc2 {[%clk 0:36:28]} 29... Rh8 {[%clk 0:24:10]} 30. Rf5 { [%clk
0:34:17]} 30... Bxe3+ {[%clk 0:24:02]} 31. Kf1 {[%clk 0:34:04]} 31... Bg6
{[%clk 0:24:20]} 32. Ke2 {[%clk 0:34:18]} 32... Bg5 {[%clk 0:22:11]} 33. Qe4 {
[%clk 0:33:54]} 33... Bxf5 {[%clk 0:22:18]} 34. Qxf5 {[%clk 0:34:18]} 34... Rh6
{[%clk 0:22:37]} 35. d5 {[%clk 0:34:13]} 35... Bf6 {[%clk 0:15:52]} 36. Qg4+ {
[%clk 0:33:03]} 36... Kf8 {[%clk 0:13:57]} 37. Qc8+ {[%clk 0:33:02]} 37... Kf7
{[%clk 0:14:21]} 38. e6+ {[%clk 0:32:56]} 38... Kg7 {[%clk 0:14:45]} 39. Qb8 {
[%clk 0:32:52]} 39... Rh5 {[%clk 0:13:38]} 40. Be4 {[%clk 0:32:53]} 40... Be5 {
[%clk 0:13:32]} 41. Qc8 {[%clk 0:32:48]} 41... h3 {[%clk 0:10:19]} 42. d6 {
[%clk 0:32:23]} 42... Bxd6 {[%clk 0:10:13]} 0-1

[Event "DEM U12 2017"]
[Site "Willingen GER"]
[Date "2017.06.10"]
[Round "11"]
[White "Laux, Dominik"]
[Black "Colbow, Collin"]
[Result "1/2-1/2"]
[Termination "normal"]
[Board "3"]
[WhiteElo "1759"]
[BlackElo "1968"]
[WhiteClock "00:49:21"]
[BlackClock "01:07:21"]
[PlyCount "41"]
[WhiteFideId "12994219"]
[BlackFideId "16201132"]
[EventCountry "GER"]
[EventRounds "11"]
[EventType "swiss"]
[EventDate "2017.06.03"]

1. d4 {[%clk 1:15:59]} 1... Nf6 {[%clk 1:15:18]} 2. Bf4 {[%clk 1:16:22]} 2...
e6 {[%clk 1:15:41]} 3. e3 {[%clk 1:16:45]} 3... b6 {[%clk 1:16:07]} 4. Nf3 {
[%clk 1:17:00]} 4... Bb7 {[%clk 1:16:28]} 5. Nbd2 {[%clk 1:17:19]} 5... Be7 {
[%clk 1:16:46]} 6. Bd3 {[%clk 1:17:24]} 6... c5 {[%clk 1:17:08]} 7. c3 { [%clk
1:17:49]} 7... O-O {[%clk 1:17:31]} 8. O-O {[%clk 1:17:47]} 8... cxd4 { [%clk
1:17:55]} 9. exd4 {[%clk 1:17:49]} 9... d6 {[%clk 1:18:20]} 10. Re1 { [%clk
1:17:14]} 10... Nbd7 {[%clk 1:18:45]} 11. Qc2 {[%clk 1:15:16]} 11... Re8 {[%clk
1:18:43]} 12. h3 {[%clk 1:14:09]} 12... Nf8 {[%clk 1:18:06]} 13. Rad1 { [%clk
1:12:00]} 13... Ng6 {[%clk 1:18:10]} 14. Bh2 {[%clk 1:11:09]} 14... a6 { [%clk
1:15:13]} 15. Be2 {[%clk 1:07:09]} 15... b5 {[%clk 1:15:11]} 16. a4 { [%clk
1:06:05]} 16... Qd7 {[%clk 1:13:22]} 17. Ra1 {[%clk 1:03:41]} 17... Nd5 { [%clk
1:11:28]} 18. axb5 {[%clk 1:00:03]} 18... axb5 {[%clk 1:11:51]} 19. Qb3 { [%clk
0:58:38]} 19... Bc6 {[%clk 1:11:50]} 20. Bf1 {[%clk 0:55:43]} 20... Ra4 { [%clk
1:07:21]} 21. Rxa4 {[%clk 0:49:21]} 1/2-1/2

[Event "DEM U12 2017"]
[Site "Willingen GER"]
[Date "2017.06.10"]
[Round "11"]
[White "Lutz, Ruben"]
[Black "Lohvinov, Petro"]
[Result "1/2-1/2"]
[Termination "normal"]
[Board "4"]
[WhiteElo "1893"]
[BlackElo "1823"]
[WhiteClock "00:04:21"]
[BlackClock "00:24:33"]
[PlyCount "69"]
[WhiteFideId "12975974"]
[BlackFideId "14176661"]
[EventCountry "GER"]
[EventRounds "11"]
[EventType "swiss"]
[EventDate "2017.06.03"]

1. d4 {[%clk 1:15:58]} 1... Nf6 {[%clk 1:15:56]} 2. Nf3 {[%clk 1:16:23]} 2...
e6 {[%clk 1:16:21]} 3. Bg5 {[%clk 1:16:46]} 3... c5 {[%clk 1:16:44]} 4. c3 {
[%clk 1:16:38]} 4... h6 {[%clk 1:17:03]} 5. Bh4 {[%clk 1:17:02]} 5... b6 {
[%clk 1:17:28]} 6. Nbd2 {[%clk 1:14:02]} 6... Bb7 {[%clk 1:17:29]} 7. Qc2 {
[%clk 1:07:14]} 7... Be7 {[%clk 1:12:52]} 8. e4 {[%clk 1:01:29]} 8... d6 {
[%clk 1:08:29]} 9. dxc5 {[%clk 0:58:00]} 9... bxc5 {[%clk 1:06:17]} 10. Bb5+ {
[%clk 0:57:07]} 10... Nc6 {[%clk 1:03:33]} 11. O-O {[%clk 0:55:33]} 11... O-O {
[%clk 1:02:24]} 12. Rad1 {[%clk 0:54:15]} 12... Nd7 {[%clk 0:48:07]} 13. Bxe7 {
[%clk 0:53:50]} 13... Qxe7 {[%clk 0:48:00]} 14. Nc4 {[%clk 0:51:07]} 14... d5 {
[%clk 0:44:39]} 15. exd5 {[%clk 0:48:39]} 15... exd5 {[%clk 0:44:23]} 16. Rfe1
{[%clk 0:43:58]} 16... Qf6 {[%clk 0:44:34]} 17. Ne3 {[%clk 0:41:20]} 17... Nb6
{[%clk 0:42:10]} 18. Qf5 {[%clk 0:34:26]} 18... Rad8 {[%clk 0:32:24]} 19. Qxf6
{[%clk 0:33:59]} 19... gxf6 {[%clk 0:32:34]} 20. Nf5 {[%clk 0:27:07]} 20... Kh7
{[%clk 0:32:43]} 21. Bd3 {[%clk 0:27:16]} 21... Ba8 {[%clk 0:30:28]} 22. N3h4 {
[%clk 0:20:25]} 22... Ne5 {[%clk 0:30:01]} 23. Bb1 {[%clk 0:17:59]} 23... Nbc4
{[%clk 0:26:40]} 24. Ne3+ {[%clk 0:14:58]} 24... Kh8 {[%clk 0:25:16]} 25. Nxc4
{[%clk 0:14:12]} 25... dxc4 {[%clk 0:24:38]} 26. b3 {[%clk 0:08:56]} 26... Bd5
{[%clk 0:23:52]} 27. Bc2 {[%clk 0:07:26]} 27... cxb3 {[%clk 0:23:54]} 28. axb3
{[%clk 0:07:48]} 28... Be6 {[%clk 0:23:08]} 29. f4 {[%clk 0:03:58]} 29... Nc6 {
[%clk 0:23:15]} 30. Rxe6 {[%clk 0:03:15]} 30... Rxd1+ {[%clk 0:23:13]} 31. Bxd1
{[%clk 0:03:40]} 31... fxe6 {[%clk 0:23:29]} 32. Ng6+ {[%clk 0:04:07]} 32...
Kg7 {[%clk 0:23:48]} 33. Nxf8 {[%clk 0:04:32]} 33... Kxf8 {[%clk 0:24:14]} 34.
Kf2 {[%clk 0:04:21]} 34... Ke7 {[%clk 0:24:33]} 35. Kg3 1/2-1/2

[Event "DEM U12 2017"]
[Site "Willingen GER"]
[Date "2017.06.10"]
[Round "11"]
[White "Morgenstern, Tobias"]
[Black "Hommer, Jeremy"]
[Result "1/2-1/2"]
[Termination "normal"]
[Board "5"]
[WhiteElo "1418"]
[BlackElo "1899"]
[WhiteClock "00:22:30"]
[BlackClock "00:09:41"]
[PlyCount "100"]
[WhiteFideId "12974390"]
[BlackFideId "12992577"]
[EventCountry "GER"]
[EventRounds "11"]
[EventType "swiss"]
[EventDate "2017.06.03"]

1. e4 {[%clk 1:15:57]} 1... c6 {[%clk 1:15:52]} 2. c4 {[%clk 1:16:04]} 2... d5
{[%clk 1:16:11]} 3. cxd5 {[%clk 1:16:28]} 3... cxd5 {[%clk 1:16:31]} 4. exd5 {
[%clk 1:16:52]} 4... Nf6 {[%clk 1:16:54]} 5. Qa4+ {[%clk 1:16:54]} 5... Nbd7 {
[%clk 1:15:25]} 6. Nc3 {[%clk 1:16:54]} 6... g6 {[%clk 1:14:27]} 7. Nf3 { [%clk
1:16:45]} 7... Bg7 {[%clk 1:14:10]} 8. Bc4 {[%clk 1:16:13]} 8... O-O { [%clk
1:12:25]} 9. O-O {[%clk 1:16:31]} 9... Nb6 {[%clk 1:11:33]} 10. Qb3 { [%clk
1:16:49]} 10... Nxc4 {[%clk 1:05:25]} 11. Qxc4 {[%clk 1:17:05]} 11... Bd7
{[%clk 0:58:13]} 12. d4 {[%clk 1:12:44]} 12... Rc8 {[%clk 0:54:38]} 13. Qb3 {
[%clk 1:12:55]} 13... Qc7 {[%clk 0:50:10]} 14. Re1 {[%clk 1:12:05]} 14... Rfe8
{[%clk 0:42:44]} 15. Ne5 {[%clk 1:11:57]} 15... Qb6 {[%clk 0:35:52]} 16. Qxb6 {
[%clk 1:07:09]} 16... axb6 {[%clk 0:36:20]} 17. Bg5 {[%clk 1:06:30]} 17... Bf5
{[%clk 0:34:32]} 18. h3 {[%clk 0:56:59]} 18... h6 {[%clk 0:30:11]} 19. Be3 {
[%clk 0:43:35]} 19... h5 {[%clk 0:29:25]} 20. Rac1 {[%clk 0:41:20]} 20... Nd7 {
[%clk 0:27:42]} 21. Nxd7 {[%clk 0:36:40]} 21... Bxd7 {[%clk 0:28:08]} 22. Bg5 {
[%clk 0:32:43]} 22... Kf8 {[%clk 0:27:51]} 23. Rcd1 {[%clk 0:27:57]} 23... Rc4
{[%clk 0:27:30]} 24. Be3 {[%clk 0:27:35]} 24... b5 {[%clk 0:26:55]} 25. Ne4 {
[%clk 0:26:48]} 25... Bf5 {[%clk 0:25:59]} 26. Ng3 {[%clk 0:25:19]} 26... Bd7 {
[%clk 0:21:13]} 27. Ne4 {[%clk 0:25:17]} 27... b6 {[%clk 0:20:13]} 28. d6 {
[%clk 0:25:16]} 28... e5 {[%clk 0:19:48]} 29. Nd2 {[%clk 0:24:45]} 29... Rc2 {
[%clk 0:17:44]} 30. dxe5 {[%clk 0:23:17]} 30... Bxe5 {[%clk 0:16:31]} 31. Bh6+
{[%clk 0:22:08]} 31... Kg8 {[%clk 0:13:29]} 32. Nf3 {[%clk 0:22:16]} 32... f6 {
[%clk 0:12:42]} 33. Nxe5 {[%clk 0:18:11]} 33... Rxe5 {[%clk 0:11:36]} 34. Rxe5
{[%clk 0:16:59]} 34... fxe5 {[%clk 0:11:59]} 35. Rd5 {[%clk 0:15:21]} 35...
Rxb2 {[%clk 0:09:40]} 36. Rxe5 {[%clk 0:15:36]} 36... Rb1+ {[%clk 0:09:12]} 37.
Kh2 {[%clk 0:16:00]} 37... Rd1 {[%clk 0:09:32]} 38. Bf4 {[%clk 0:16:07]} 38...
Rd4 {[%clk 0:08:22]} 39. Re7 {[%clk 0:14:11]} 39... Rxf4 {[%clk 0:05:55]} 40.
Rxd7 {[%clk 0:14:33]} 40... Rxf2 {[%clk 0:03:18]} 41. Rb7 {[%clk 0:14:41]}
41... Rd2 {[%clk 0:01:31]} 42. d7 {[%clk 0:14:23]} 42... Kf8 {[%clk 0:01:24]}
43. Rxb6 {[%clk 0:12:52]} 43... Kf7 {[%clk 0:13:37]} 44. Rxb5 {[%clk 0:27:36]}
44... Rxd7 {[%clk 0:13:36]} 45. a4 {[%clk 0:24:20]} 45... Ra7 {[%clk 0:13:47]}
46. a5 {[%clk 0:24:32]} 46... Kg7 {[%clk 0:13:47]} 47. Kg3 {[%clk 0:24:22]}
47... Ra6 {[%clk 0:12:53]} 48. Kh4 {[%clk 0:24:12]} 48... Kh6 {[%clk 0:12:38]}
49. g4 {[%clk 0:23:56]} 49... hxg4 {[%clk 0:11:53]} 50. Kxg4 {[%clk 0:22:30]}
50... Rc6 {[%clk 0:09:41]} 1/2-1/2

[Event "DEM U12 2017"]
[Site "Willingen GER"]
[Date "2017.06.10"]
[Round "11"]
[White "Musiolik, David"]
[Black "Rössel, Gino"]
[Result "1-0"]
[Termination "normal"]
[Board "6"]
[WhiteElo "1984"]
[BlackElo "1714"]
[WhiteClock "00:47:56"]
[BlackClock "00:22:00"]
[PlyCount "41"]
[WhiteFideId "12972355"]
[BlackFideId "16203070"]
[EventCountry "GER"]
[EventRounds "11"]
[EventType "swiss"]
[EventDate "2017.06.03"]

1. e4 e6 2. d4 d5 3. e5 c5 4. c3 Nc6 5. Nf3 Qb6 6. a3 c4 7. g3 f6 8. exf6 Nxf6
9. Bg2 Bd6 10. O-O O-O 11. Re1 Re8 12. Nbd2 e5 13. dxe5 Nxe5 14. Nxe5 Bxe5 15.
Bxd5+ Nxd5 16. Nxc4 Nxc3 17. Nxb6 Nxd1 18. Nxa8 Bg4 19. Bf4 Rxa8 20. Bxe5 Rf8
21. Raxd1 1-0

[Event "DEM U12 2017"]
[Site "Willingen GER"]
[Date "2017.06.10"]
[Round "11"]
[White "Evering, Sören"]
[Black "Arakelian, Aik"]
[Result "1-0"]
[Termination "normal"]
[Board "7"]
[WhiteElo "1718"]
[BlackElo "1737"]
[WhiteClock "01:02:18"]
[BlackClock "00:51:15"]
[PlyCount "35"]
[WhiteFideId "12974650"]
[BlackFideId "16220340"]
[EventCountry "GER"]
[EventRounds "11"]
[EventType "swiss"]
[EventDate "2017.06.03"]

1. e4 c5 2. Nf3 d6 3. d4 cxd4 4. Nxd4 Nf6 5. Nc3 g6 6. Be3 Bg7 7. f3 O-O 8. Bc4
Nc6 9. Bb3 Bd7 10. h4 Na5 11. Qd2 Rb8 12. h5 Nxb3 13. cxb3 a6 14. O-O-O b5 15.
hxg6 fxg6 16. Bh6 Rf7 17. Bxg7 Kxg7 18. e5 1-0

[Event "DEM U12 2017"]
[Site "Willingen GER"]
[Date "2017.06.10"]
[Round "11"]
[White "Kosev, Momchil"]
[Black "Joppich, Til"]
[Result "1/2-1/2"]
[Termination "normal"]
[Board "8"]
[WhiteElo "1757"]
[BlackElo "1661"]
[WhiteClock "00:08:28"]
[BlackClock "00:09:33"]
[PlyCount "71"]
[WhiteFideId "12975982"]
[BlackFideId "16232917"]
[EventCountry "GER"]
[EventRounds "11"]
[EventType "swiss"]
[EventDate "2017.06.03"]

1. c4 {[%clk 1:15:59]} 1... e5 {[%clk 1:15:49]} 2. Nc3 {[%clk 1:16:19]} 2... g6
{[%clk 1:15:11]} 3. g3 {[%clk 1:16:29]} 3... Bg7 {[%clk 1:15:31]} 4. Bg2 {
[%clk 1:16:46]} 4... d6 {[%clk 1:15:47]} 5. Rb1 {[%clk 1:15:30]} 5... a5 {
[%clk 1:12:18]} 6. a3 {[%clk 1:15:41]} 6... f5 {[%clk 1:12:37]} 7. d3 { [%clk
1:14:53]} 7... Nf6 {[%clk 1:12:56]} 8. e3 {[%clk 1:14:26]} 8... O-O { [%clk
1:13:12]} 9. Nge2 {[%clk 1:14:43]} 9... c6 {[%clk 1:13:28]} 10. O-O { [%clk
1:09:13]} 10... Be6 {[%clk 1:11:11]} 11. b4 {[%clk 1:00:14]} 11... axb4 { [%clk
1:05:13]} 12. axb4 {[%clk 0:57:48]} 12... g5 {[%clk 1:02:59]} 13. f4 { [%clk
0:53:31]} 13... h6 {[%clk 1:00:03]} 14. b5 {[%clk 0:52:28]} 14... Nh5 { [%clk
0:58:58]} 15. Qb3 {[%clk 0:49:37]} 15... gxf4 {[%clk 0:50:52]} 16. exf4 { [%clk
0:45:11]} 16... Qb6+ {[%clk 0:47:17]} 17. Kh1 {[%clk 0:45:15]} 17... c5 { [%clk
0:47:01]} 18. Nd5 {[%clk 0:44:48]} 18... Qd8 {[%clk 0:46:11]} 19. Bb2 { [%clk
0:43:43]} 19... Nd7 {[%clk 0:44:11]} 20. Ra1 {[%clk 0:38:08]} 20... Nb6 { [%clk
0:40:30]} 21. Nec3 {[%clk 0:33:14]} 21... Kh8 {[%clk 0:38:03]} 22. Rxa8 { [%clk
0:27:59]} 22... Nxa8 {[%clk 0:37:56]} 23. Qd1 {[%clk 0:26:51]} 23... Nf6 {[%clk
0:30:47]} 24. Nxf6 {[%clk 0:27:01]} 24... Qxf6 {[%clk 0:31:04]} 25. Bxb7 {[%clk
0:26:55]} 25... Nb6 {[%clk 0:29:43]} 26. Bg2 {[%clk 0:25:33]} 26... Qg6 {[%clk
0:28:55]} 27. Qf3 {[%clk 0:22:08]} 27... e4 {[%clk 0:28:07]} 28. dxe4 { [%clk
0:20:16]} 28... Nxc4 {[%clk 0:28:27]} 29. Qe2 {[%clk 0:16:19]} 29... fxe4
{[%clk 0:22:21]} 30. Bxe4 {[%clk 0:15:18]} 30... Qe8 {[%clk 0:20:25]} 31. Ba1 {
[%clk 0:15:06]} 31... Nb6 {[%clk 0:17:13]} 32. Qg2 {[%clk 0:13:44]} 32... Qf7 {
[%clk 0:15:05]} 33. Rd1 {[%clk 0:10:47]} 33... Nc4 {[%clk 0:13:36]} 34. Qe2 {
[%clk 0:09:04]} 34... Re8 {[%clk 0:11:32]} 35. Qd3 {[%clk 0:08:28]} 35... Bd4 {
[%clk 0:09:33]} 36. f5 1/2-1/2

[Event "DEM U12 2017"]
[Site "Willingen GER"]
[Date "2017.06.10"]
[Round "11"]
[White "Schauties, Nico Antonio"]
[Black "Bethke, Richard"]
[Result "0-1"]
[Termination "normal"]
[Board "9"]
[WhiteElo "1711"]
[BlackElo "2223"]
[WhiteClock "00:54:35"]
[BlackClock "01:00:24"]
[PlyCount "70"]
[WhiteFideId "16206371"]
[BlackFideId "12959243"]
[EventCountry "GER"]
[EventRounds "11"]
[EventType "swiss"]
[EventDate "2017.06.03"]

1. Nf3 Nf6 2. g3 e6 3. Bg2 d5 4. O-O Be7 5. b3 O-O 6. Bb2 Nbd7 7. d3 b6 8. Nbd2
Bb7 9. c4 c5 10. cxd5 Nxd5 11. a3 Bf6 12. Qc2 Bxb2 13. Qxb2 Qf6 14. Qxf6 N5xf6
15. Nc4 Bd5 16. Nh4 Bxg2 17. Kxg2 Rfd8 18. Rfd1 Nd5 19. Rac1 N7f6 20. Nf3 Rac8
21. Nfe5 Ne8 22. Nd2 f6 23. Nec4 e5 24. Ne4 Rd7 25. Nc3 Nec7 26. Nxd5 Nxd5 27.
Kf3 Kf7 28. Ne3 Nc7 29. Rc2 Nb5 30. Kg2 Nxa3 31. Ra2 Nb5 32. Rc1 Rcc7 33. Nc2
Nc3 34. Rb2 Nxe2 35. Re1 Nc3 0-1

[Event "DEM U12 2017"]
[Site "Willingen GER"]
[Date "2017.06.10"]
[Round "11"]
[White "Großmann, Piet"]
[Black "Lutz, Adam"]
[Result "1/2-1/2"]
[Termination "normal"]
[Board "10"]
[WhiteElo "1608"]
[BlackElo "1787"]
[WhiteClock "00:31:22"]
[BlackClock "00:51:59"]
[PlyCount "52"]
[WhiteFideId "16234359"]
[BlackFideId "16226615"]
[EventCountry "GER"]
[EventRounds "11"]
[EventType "swiss"]
[EventDate "2017.06.03"]

1. e4 c5 2. Nf3 e6 3. c3 d5 4. exd5 Qxd5 5. d4 Nf6 6. Be2 cxd4 7. cxd4 Be7 8.
O-O O-O 9. Nc3 Qd6 10. Nb5 Qd8 11. Be3 a6 12. Nc3 Qd6 13. Ne5 Nc6 14. Nxc6 Qxc6
15. Bf3 Qd6 16. Qd2 Nd5 17. Nxd5 exd5 18. Rac1 Qd8 19. Bf4 Bd6 20. Bxd6 Qxd6
21. Qa5 Be6 22. Qc7 Qb4 23. Qc3 Qb6 24. Qd2 Rac8 25. h3 h6 26. a3 Rfd8 1/2-1/2

[Event "DEM U12 2017"]
[Site "Willingen GER"]
[Date "2017.06.10"]
[Round "11"]
[White "Müller, Magnus"]
[Black "Bui, Bao Anh Le"]
[Result "1/2-1/2"]
[Termination "normal"]
[Board "11"]
[WhiteElo "1599"]
[BlackElo "1748"]
[WhiteClock "00:37:23"]
[BlackClock "00:08:06"]
[PlyCount "42"]
[WhiteFideId "16230060"]
[BlackFideId "12970719"]
[EventCountry "GER"]
[EventRounds "11"]
[EventType "swiss"]
[EventDate "2017.06.03"]

1. e4 {[%clk 1:15:57]} 1... c5 {[%clk 1:15:54]} 2. Nf3 {[%clk 1:16:21]} 2... d6
{[%clk 1:16:20]} 3. d4 {[%clk 1:16:45]} 3... cxd4 {[%clk 1:16:46]} 4. Nxd4 {
[%clk 1:17:10]} 4... Nf6 {[%clk 1:17:12]} 5. Nc3 {[%clk 1:17:28]} 5... a6 {
[%clk 1:17:30]} 6. Be3 {[%clk 1:17:23]} 6... e5 {[%clk 1:17:56]} 7. Nb3 { [%clk
1:17:46]} 7... Be6 {[%clk 1:18:21]} 8. f4 {[%clk 1:18:09]} 8... Qc7 { [%clk
0:59:26]} 9. f5 {[%clk 1:18:34]} 9... Bc4 {[%clk 0:56:18]} 10. Qf3 { [%clk
1:17:26]} 10... Nbd7 {[%clk 0:52:09]} 11. g4 {[%clk 1:14:51]} 11... O-O-O
{[%clk 0:36:00]} 12. g5 {[%clk 1:10:58]} 12... Ne8 {[%clk 0:35:51]} 13. Bg2 {
[%clk 1:00:16]} 13... Kb8 {[%clk 0:25:51]} 14. Qf2 {[%clk 0:58:32]} 14... f6 {
[%clk 0:19:35]} 15. h4 {[%clk 0:58:35]} 15... Nc5 {[%clk 0:19:36]} 16. O-O-O {
[%clk 0:57:11]} 16... Rc8 {[%clk 0:17:47]} 17. Nd5 {[%clk 0:54:48]} 17... Bxd5
{[%clk 0:14:40]} 18. Rxd5 {[%clk 0:54:32]} 18... Qc6 {[%clk 0:11:29]} 19. Rhd1
{[%clk 0:37:35]} 19... Nxb3+ {[%clk 0:07:51]} 20. axb3 {[%clk 0:37:18]} 20...
Nc7 {[%clk 0:08:06]} 21. R5d3 {[%clk 0:37:23]} 21... Nb5 {[%clk 0:08:06]}
1/2-1/2